000
00437nam a2200145Ia 4500
008
100204s9999 xx 000 0 und d
082
_b
7026
100
_a
नाईक गुरुनाथ
245
_a
डंंंंख
260
_b
"बांदोडकर पब्लिशिंग हाऊस, गोवा"
_c
1984
300
_a
237
630
_a
डंंंंख
730
_a
डंंंंख
942
_c
BOOK
999
_c
451463
_d
451460